|
|
|
|
| LEADER |
00000naa2a2200000 4500 |
| 001 |
134880 |
| 005 |
20231101220520.0 |
| 035 |
|
|
|a (RuTPU)RU\TPU\book\146191
|
| 090 |
|
|
|a 134880
|
| 100 |
|
|
|a 20080404d2007 k y0rusy50 ca
|
| 101 |
0 |
|
|a rus
|
| 102 |
|
|
|a RU
|
| 200 |
1 |
|
|a К вопросу о создании экологически чистых технологий в сборочно-сварочном производстве
|f В. М. Гришагин
|
| 320 |
|
|
|a Библиогр.: 2 назв.
|
| 463 |
|
0 |
|0 (RuTPU)RU\TPU\book\136479
|t Инновационные технологии и экономика в машиностроении
|o V Всероссийская научно-практическая конференция с международным участием, г. Юрга 14-15 сентября 2007 г.
|o труды
|f Томский политехнический университет (ТПУ) ; Юргинский технологический институт (филиал) ; под ред. Д. А. Чинахова
|v С. 79-84
|d 2007
|p 558 с.
|
| 610 |
1 |
|
|a технологии
|
| 610 |
1 |
|
|a экология
|
| 610 |
1 |
|
|a сборочно-сварочное производство
|
| 610 |
1 |
|
|a сварочные производства
|
| 610 |
1 |
|
|a труды учёных ТПУ
|
| 700 |
|
1 |
|a Гришагин
|b В. М.
|c специалист в области экологии и безопасности жизнедеятельности
|c доцент Юргинского технологического института (филиала) Томского политехнического университета, кандидат технических наук
|f 1956-
|g Виктор Михайлович
|2 stltpush
|3 (RuTPU)RU\TPU\pers\24272
|9 10742
|
| 801 |
|
1 |
|a RU
|b 63413507
|c 20080404
|g PSBO
|
| 801 |
|
2 |
|a RU
|b 63413507
|c 20160805
|g RCR
|
| 942 |
|
|
|c BK
|